New 'New's Quiz Stats

 Plays Quiz Updated Oct 24, 2018

Score 0/20 Timer 05:00
2 Plays Today
Hint Answer % Correct
Mathematician and theologian who described the three laws of motionIsaac Newton
95.9%
US state whose capital is ConcordNew Hampshire
78.8%
Oscar-winning song from 'Aladdin'A Whole New World
72.5%
American magazine that competes with TimeNewsweek
68.3%
Most populous city in New JerseyNewark
60.1%
Oscar winner who had his 'Own' food companyPaul Newman
58.1%
Republican Speaker of the House, 1995-1999Newt Gingrich
53.4%
Prize given for excellence in children's literatureJohn Newbery Medal
45.3%
Unpopular soda introduced in 1985New Coke
44.5%
Historic city in England, also a rather fine brown aleNewcastle
43.6%
Hint Answer % Correct
Energy generated from naturally-replenished resources, e.g. solar or windRenewable energy
42.1%
Musical genre of Devo, a-ha, and BlondieNew wave
41.2%
World's largest maker of caps (35 million hats sold in 2008)New Era Cap Company
29.4%
Media conglomerate owned by Rupert MurdochNews Corporation
29.2%
'90s sitcom starring Dave Foley and Phil HartmanNewsRadio
27.8%
Oceania nation whose capital is Port MoresbyPapua New Guinea
25%
1991 thriller starring Wesley Snipes and Ice-TNew Jack City
17.9%
R&B group who sang 'Cool It Now' & 'Hit Me Off'New Edition
16.5%
Band with the '80s #1 albums 'Sports' and 'Fore!'Huey Lewis and the News
15.9%
John F. Kennedy's domestic and foreign policiesNew Frontier
6.9%

You're not logged in!

Compare scores with friends on all Sporcle quizzes.
OR
Log In

Sporcle TV

Today on Sporcle TV


Watch our educational content, quiz creation guides, and fun videos on Sporcle TV.

Show Comments

Extras

Top Quizzes Today


Score Distribution

Your Account Isn't Verified!

In order to create a playlist on Sporcle, you need to verify the email address you used during registration. Go to your Sporcle Settings to finish the process.

Report this User

Report this user for behavior that violates our Community Guidelines.

Details: